Strategic human resources planning / (Record no. 620)

000 -LEADER
fixed length control field 01385cam a2200409 a 4500
003 - CONTROL NUMBER IDENTIFIER
control field CaOOAMICUS
005 - DATE AND TIME OF LATEST TRANSACTION
control field 20210616065540.0
008 - FIXED-LENGTH DATA ELEMENTS--GENERAL INFORMATION
fixed length control field 090304s2010 onca b 001 0 eng
020 ## - INTERNATIONAL STANDARD BOOK NUMBER
International Standard Book Number 9780176501327 :
040 ## - CATALOGING SOURCE
Transcribing agency CaOONL
050 ## - LIBRARY OF CONGRESS CALL NUMBER
Classification number HF5549.5 M3
Item number .B45 2009
055 02 - CLASSIFICATION NUMBERS ASSIGNED IN CANADA
Classification number HF5549.5*
055 #0 - CLASSIFICATION NUMBERS ASSIGNED IN CANADA
Classification number HF5549.5 M3
Item number .B45 2009
090 ## - LOCALLY ASSIGNED LC-TYPE CALL NUMBER (OCLC); LOCAL CALL NUMBER (RLIN)
Classification number (OCLC) (R) ; Classification number, CALL (RLIN) (NR) 658.301 B25 2010
090 ## - LOCALLY ASSIGNED LC-TYPE CALL NUMBER (OCLC); LOCAL CALL NUMBER (RLIN)
Classification number (OCLC) (R) ; Classification number, CALL (RLIN) (NR) 658.301 BEL
100 1# - MAIN ENTRY--PERSONAL NAME
Personal name Belcourt, Monica,
Dates associated with a name 1946-
245 10 - TITLE STATEMENT
Title Strategic human resources planning /
Statement of responsibility, etc. Monica Belcourt, Kenneth J. McBey.
250 ## - EDITION STATEMENT
Edition statement Fourth edition
260 ## - PUBLICATION, DISTRIBUTION, ETC.
Place of publication, distribution, etc. Toronto :
Name of publisher, distributor, etc. Nelson Education,
Date of publication, distribution, etc. c2010.
300 ## - PHYSICAL DESCRIPTION
Extent xxxi, 424 pages :
Other physical details illustrations (some color) ;
Dimensions 26 cm.
336 ## - CONTENT TYPE
Content type term text
Content type code txt
Source rdacontent
337 ## - MEDIA TYPE
Media type term unmediated
Media type code n
Source rdamedia
338 ## - CARRIER TYPE
Carrier type term volume
Carrier type code nc
Source rdacarrier
500 ## - GENERAL NOTE
General note Order of authors' names reversed on 2nd ed.
504 ## - BIBLIOGRAPHY, ETC. NOTE
Bibliography, etc. note Includes bibliographical references and index.
650 #0 - SUBJECT ADDED ENTRY--TOPICAL TERM
Topical term or geographic name entry element Manpower planning
Form subdivision Textbooks.
700 1# - ADDED ENTRY--PERSONAL NAME
Personal name McBey, Kenneth James,
Dates associated with a name 1956-
700 1# - ADDED ENTRY--PERSONAL NAME
Personal name McBey, Kenneth James,
Dates associated with a name 1956-
Title of a work Strategic human resources planning.
910 ## - USER-OPTION DATA (OCLC)
User-option data Canadian
942 ## - ADDED ENTRY ELEMENTS (KOHA)
Source of classification or shelving scheme
Koha item type Book
Suppress in OPAC DO
Holdings
Withdrawn status Lost status Source of classification or shelving scheme Damaged status Not for loan Permanent Location Current Location Shelving location Date acquired Total Checkouts Full call number Barcode Date last seen Price effective from Koha item type Public note
          AU LIBRARY AU LIBRARY Open Shelf 16.06.2021   HF5549.5 M3 .B45 2009 28003006 16.06.2021 16.06.2021 Book DO

Powered by Koha